00527nam a2200193 a 4500001001300000003000900013005001700022008004100039020002300080082001500103100001500118245007600133260003500209300000900244500003500253505001000288650002000298700001500318nice12345678IN_TiNIC20260116014434.0050524s2004 dela grp 000 0 eng  a8178243 c69500a954.6bRAI aRai, Mridu aHindu Rulers, Muslim Subjects, Islam, Rights and the History of Kashmir aDelhi bPermanent Black c2004 a335p aincludes index and biblioraphy2 aIndex aKashmir-History1 aRai, Mridu